000
00293nam a22001337a 4500
003
SGT
082
_a
338.5,SEN
100
_a
SEN,ANINDYA
245
_a
MICROECONOMICS THEORY AND APPLICATIONS
260
_a
NEW DELHI
_b
OXFORD
_c
2003
300
_a
413
650
_a
MICROECONOMICS
942
_2
ddc
_c
BK
999
_c
9676
_d
9676